00266nam a2200109Ia 4500008004100000100001500041245004000056250000900096260002600105300000700131650001800138191201s2005 xx 000 0 und d aPAI, Anant 0aHow to Develop a Super Power Memory a45th aN.DelhibUBSPD,c2005 a93 aGeneral Books